Nommez les 15 premiers chiffres - adaptés aux petits enfants - Statistiques

Statistiques générales
  • Ce quiz a été pris 133 fois
  • Le résultat moyen est 14 sur 15
Statistiques - réponses
Réponse % Correct
1
100%
2
98%
4
98%
5
98%
6
98%
3
97%
7
97%
8
97%
9
97%
11
96%
0
95%
10
93%
12
93%
13
93%
14
93%
Aucun quiz correspondant
Distribution des résultats
% des personnes avec chaque résultat
Percentile par nombre de réponses
Votre historique - résultats
Vous n’avez pas pris ce quiz